000 00535nam a2200229Ia 4500
003 OSt
005 20221007082210.0
006 a|||||r|||| 00| 0
007 ta
008 221006b |||||||| |||| 00| 0 eng d
024 _a26,040
037 _cTextual
040 _aFLL
_cFLL
_beng
041 _2eng
_aeng
082 _aZ52y6, H5
100 _aElias
_9698895
245 0 _aRoman law in nutshall
260 _c1945
300 _a1-64p
_ccm.
942 _hZ52y6, H5
_cTEXL
_2CC
999 _c1165637
_d1165637